|
|
|
|
| LEADER |
00000cam a2200000 7i4500 |
| 001 |
0000007785 |
| 005 |
20160920.0 |
| 008 |
160829 my eng |
| 020 |
|
|
|a 9839839985
|
| 040 |
|
|
|a INS
|
| 090 |
0 |
0 |
|a KPG2832.M35
|b G64 2001
|
| 100 |
1 |
|
|a Goh, Chen Chuan
|
| 245 |
1 |
2 |
|a A practical guide to Malaysian income tax
|c Goh Chen Chuan
|
| 250 |
|
|
|a Rev.ed
|
| 260 |
|
|
|a Kuala Lumpur :
|b Leeds Publications ,
|c 2001
|
| 300 |
|
|
|a xvii, 278p. :
|b ill. ;
|c 19cm.
|
| 440 |
|
0 |
|a Comprehensive guide series
|
| 650 |
|
0 |
|a Income tax
|x Law and legislation
|z Malaysia
|
| 650 |
|
0 |
|a Real property tax
|x Law and legislation
|z Malaysia
|
| 650 |
|
0 |
|a Tax administration and procedure
|z Malaysia
|
| 999 |
|
|
|a 0000021835
|b BOOK
|c Open Shelf
|e Default branch
|